La Población humana
Descripción Física:
325 p. : il. ; 19'5 cm
Colección:
Colección Labor ; 204
MARC
| LEADER | 00000nam a2200000Ia 4500 | ||
|---|---|---|---|
| 001 | 1761 | ||
| 008 | 160829s1976 xx 000 0 cat d | ||
| 080 | |a M-2-330 | ||
| 245 | |a La Población humana | ||
| 260 | |a Barcelona : |b Labor, |c 1976 | ||
| 300 | |a 325 p. : |b il. ; |c 19'5 cm | ||
| 490 | |a Colección Labor ; 204 | ||
| 590 | |a A la part superior de la portada: Scientific American. | ||
| 650 | |a Població |9 35344 | ||
| 650 | |a Demografia |9 31053 | ||
| 901 | |a Arxiu | ||
| 942 | |n 1 | ||
| 952 | |0 0 |1 0 |4 0 |6 M2330 |7 1 |9 45675 |a Arxiu |b Arxiu |d 2016-12-01 |l 0 |o M-2-330 |p 1761 |r 2016-12-01 00:00:00 |w 2016-12-01 |y ARXIU | ||
| 999 | |c 49175 |d 49175 | ||